[Event "Schleswig Holstein-ch Seniors op 10th"]
[Site "Buesum"]
[Date "2016.09.29"]
[Round "4"]
[White "Bartsch, Berthold"]
[Black "Muuss, Klaus"]
[Result "0-1"]
[WhiteElo "2267"]
[BlackElo "2028"]
[PlyCount "106"]
[EventDate "2016.09.26"]
[EventType "swiss"]
[EventRounds "9"]
[EventCountry "GER"]
[SourceTitle "EXT 2019"]
[Source "ChessBase"]
[SourceDate "2018.10.10"]
[SourceVersion "1"]
[SourceVersionDate "2018.10.10"]
[SourceQuality "1"]

1. Nc3 e5 2. Nf3 Nc6 3. d4 exd4 4. Nxd4 Bc5 5. Nb3 Bb6 6. Nd5 Nf6 7. Nxb6 axb6 8. Nd4 d6 9. g3 h6 10. Bg2 Bd7 11. 0-0 0-0 12. b3 Nxd4 13. Qxd4 Bc6 14. Bxc6 bxc6 15. Bb2 Ra5 16. c4 Re8 17. Rfe1 Rae5 18. Qd3 Re4 19. e3 Qe7 20. Bd4 c5 21. Bc3 Qe6 22. Kg2 Nh7 23. h4 g5 24. hxg5 Nxg5 25. Rh1 Qg4 26. Qd1 Qxd1 27. Raxd1 R4e6 28. Bb2 Kh7 29. Rh5 Rg6 30. Rdh1 Ne4 31. Rf5 f6 32. Rh3 Ra8 33. a4 Nd2 34. Rxf6 Rxf6 35. Bxf6 Kg6 36. Bc3 Nxb3 37. g4 Rxa4 38. f4 Rxc4 39. Be1 b5 40. f5+ Kg7 41. Kf3 b4 42. Rh2 Nc1 43. e4 Nd3 44. Bd2 Ne5+ 45. Kg3 Nd7 46. Kf3 b3 47. Be3 Rc3 48. Ke2 Rc2+ 49. Bd2 c4 50. Kd1 c3 51. Bf4 Rxh2 52. Bxh2 c2+ 53. Kc1 Ne5 0-1

[Event "Schleswig Holstein-ch Seniors op 10th"]
[Site "Buesum"]
[Date "2016.09.28"]
[Round "3"]
[White "Muuss, Klaus"]
[Black "Villing, Dieter"]
[Result "1/2-1/2"]
[WhiteElo "2028"]
[BlackElo "2128"]
[PlyCount "63"]
[EventDate "2016.09.26"]
[EventType "swiss"]
[EventRounds "9"]
[EventCountry "GER"]
[SourceTitle "EXT 2019"]
[Source "ChessBase"]
[SourceDate "2018.10.10"]
[SourceVersion "1"]
[SourceVersionDate "2018.10.10"]
[SourceQuality "1"]

1. e4 c5 2. Nf3 Nc6 3. d4 cxd4 4. Nxd4 Nf6 5. Nc3 e6 6. Ndb5 Bb4 7. Nd6+ Ke7 8. Bf4 e5 9. Nf5+ Kf8 10. Bd2 d5 11. exd5 Bxf5 12. dxc6 bxc6 13. Be2 Qc7 14. 0-0 a5 15. a3 Be7 16. Re1 h5 17. Bf3 Rd8 18. Qc1 Bg4 19. Bxg4 hxg4 20. Ne4 Nxe4 21. Rxe4 f5 22. Ra4 e4 23. Bf4 Bd6 24. g3 Bxf4 25. Qxf4 Qxf4 26. gxf4 Rh3 27. Rxa5 g6 28. Rc5 e3 29. Re1 exf2+ 30. Kxf2 Rd2+ 31. Kg1 Rdxh2 32. Rce5 1/2-1/2

[Event "Wiesbaden op 27th"]
[Site "Wiesbaden"]
[Date "2015.08.29"]
[Round "4"]
[White "Muuss, Klaus"]
[Black "Bratmann, Marc"]
[Result "1-0"]
[WhiteElo "2029"]
[BlackElo "1726"]
[PlyCount "41"]
[EventDate "2015.08.27"]
[EventType "swiss"]
[EventRounds "7"]
[EventCountry "GER"]
[SourceTitle "EXT 2016"]
[Source "ChessBase"]
[SourceDate "2015.10.08"]
[SourceVersion "1"]
[SourceVersionDate "2015.10.08"]
[SourceQuality "1"]

1. e4 c6 2. d4 d5 3. exd5 cxd5 4. c4 Nf6 5. Nc3 e6 6. Nf3 Be7 7. Bg5 0-0 8. cxd5 Nxd5 9. Bxe7 Nxe7 10. Bd3 h6 11. 0-0 Nd7 12. Rc1 Nf6 13. Bb1 Bd7 14. Ne5 Bc6 15. Qd3 Rc8 16. Rfd1 g6 17. Nxc6 Rxc6 18. Qf3 Kg7 19. Ne2 Qd5 20. Qxd5 Rxc1 21. Qb3 1-0

[Event "Erfurt HT op 24th"]
[Site "Erfurt"]
[Date "2014.12.30"]
[Round "8"]
[White "Muuss, Klaus"]
[Black "Foerster, Rudi"]
[Result "1/2-1/2"]
[WhiteElo "2035"]
[BlackElo "1881"]
[PlyCount "91"]
[EventDate "2014.12.26"]
[EventType "swiss"]
[EventRounds "8"]
[EventCountry "GER"]
[SourceTitle "EXT 2016"]
[Source "ChessBase"]
[SourceDate "2015.10.08"]
[SourceVersion "1"]
[SourceVersionDate "2015.10.08"]
[SourceQuality "1"]

1. e4 c5 2. Nf3 Nc6 3. d4 cxd4 4. Nxd4 Nf6 5. Nc3 g6 6. Be3 Bg7 7. Qd2 0-0 8. f3 d5 9. Nxc6 bxc6 10. e5 Nd7 11. f4 Nb6 12. Be2 Nc4 13. Bxc4 dxc4 14. Qxd8 Rxd8 15. Bc5 f6 16. 0-0 fxe5 17. Bxe7 Re8 18. Bc5 Bf5 19. fxe5 Bxe5 20. Rf2 Rab8 21. Na4 Bxb2 22. Nxb2 Rxb2 23. Bxa7 Ra8 24. Bd4 Rbxa2 25. Rxa2 Rxa2 26. c3 Ra1+ 27. Rf1 Ra3 28. Re1 Kf7 29. h3 Ra2 30. Rf1 Ke6 31. Rf2 Ra1+ 32. Rf1 Ra5 33. Re1+ Kd6 34. Bg7 Ra2 35. Bf6 Bd3 36. Bg7 Kc5 37. Re5+ Kb6 38. Re8 Rc2 39. Rb8+ Kc5 40. Re8 Kd5 41. Re5+ Kd6 42. Re1 Bf5 43. Rd1+ Kc5 44. Re1 Kb5 45. Rb1+ Ka4 46. Rb4+ 1/2-1/2

[Event "Erfurt HT op 24th"]
[Site "Erfurt"]
[Date "2014.12.29"]
[Round "6"]
[White "Muuss, Klaus"]
[Black "Feicht, Arno"]
[Result "0-1"]
[WhiteElo "2035"]
[BlackElo "2093"]
[PlyCount "80"]
[EventDate "2014.12.26"]
[EventType "swiss"]
[EventRounds "8"]
[EventCountry "GER"]
[SourceTitle "CBM 164 Extra"]
[Source "ChessBase"]
[SourceDate "2015.03.02"]
[SourceVersion "1"]
[SourceVersionDate "2015.03.02"]
[SourceQuality "1"]

1. e4 c5 2. Nf3 Nc6 3. d4 cxd4 4. Nxd4 e5 5. Nb5 d6 6. N1c3 a6 7. Na3 b5 8. Nd5 Nge7 9. Bg5 h6 10. Bh4 Qa5+ 11. c3 Nxd5 12. Qxd5 Qb6 13. Be2 Rb8 14. Nc2 b4 15. 0-0 Be6 16. Qd3 g5 17. Bg3 h5 18. h4 Be7 19. Qxa6 Qxa6 20. Bxa6 gxh4 21. Bh2 h3 22. g3 d5 23. exd5 Bxd5 24. Ne3 Bf3 25. Rfe1 Rd8 26. Be2 Bxe2 27. Rxe2 bxc3 28. bxc3 Rd3 29. Rc2 Bc5 30. Rd1 e4 31. Rxd3 exd3 32. Rd2 Ne5 33. Kh1 Bxe3 34. fxe3 Ke7 35. g4 Nxg4 36. Bg1 Rd8 37. e4 Ne5 38. Bd4 Ke6 39. Bxe5 Kxe5 40. Kg1 Kxe4 0-1

[Event "Erfurt HT op 24th"]
[Site "Erfurt"]
[Date "2014.12.28"]
[Round "5"]
[White "Werner, Bernd Michael"]
[Black "Muuss, Klaus"]
[Result "1/2-1/2"]
[WhiteElo "2074"]
[BlackElo "2035"]
[PlyCount "87"]
[EventDate "2014.12.26"]
[EventType "swiss"]
[EventRounds "8"]
[EventCountry "GER"]
[SourceTitle "CBM 164 Extra"]
[Source "ChessBase"]
[SourceDate "2015.03.02"]
[SourceVersion "1"]
[SourceVersionDate "2015.03.02"]
[SourceQuality "1"]

1. e4 c5 2. c4 Nc6 3. g3 g6 4. Nc3 Bg7 5. Bg2 d6 6. Nge2 e5 7. d3 Nge7 8. a3 0-0 9. 0-0 a6 10. Rb1 Nd4 11. Nxd4 cxd4 12. Nd5 Nxd5 13. exd5 b5 14. b3 bxc4 15. bxc4 Bf5 16. f4 Qd7 17. fxe5 Bxe5 18. Rf2 Rab8 19. Rfb2 Qc7 20. Rb3 Bd7 21. Qd2 Rxb3 22. Rxb3 Rb8 23. Rxb8+ Qxb8 24. Qb4 Qc7 25. Bd2 Kg7 26. a4 Bf5 27. Bf1 h5 28. Be2 Qe7 29. Kf2 Bh3 30. Qb2 h4 31. g4 Bxh2 32. Qxd4+ Be5 33. Qe4 f5 34. gxf5 Bxf5 35. Qe3 Qf6 36. Qh6+ Kg8 37. Qg5 Bg3+ 38. Kg2 Qf7 39. Qd8+ Kh7 40. Bc3 Be4+ 41. dxe4 Qf2+ 42. Kh3 Qh2+ 43. Kg4 Qxe2+ 44. Kh3 1/2-1/2

[Event "Wiesbaden op 26th"]
[Site "Wiesbaden"]
[Date "2014.08.30"]
[Round "4"]
[White "Muuss, Klaus"]
[Black "Marzec, Witold"]
[Result "1-0"]
[WhiteElo "2012"]
[BlackElo "1800"]
[PlyCount "63"]
[EventDate "2014.08.28"]
[EventType "swiss"]
[EventRounds "7"]
[EventCountry "GER"]
[SourceTitle "CBM 162 Extra"]
[Source "ChessBase"]
[SourceDate "2014.10.17"]
[SourceVersion "1"]
[SourceVersionDate "2014.10.17"]
[SourceQuality "1"]

1. e4 c5 2. Nf3 d6 3. d4 cxd4 4. Nxd4 Nf6 5. Nc3 a6 6. Bg5 e5 7. Nf3 Be7 8. Qd2 Nbd7 9. Bd3 0-0 10. 0-0 b5 11. a3 Bb7 12. Nh4 g6 13. Bh6 Re8 14. Nf5 Nc5 15. Nxe7+ Qxe7 16. Bg5 Qe6 17. Rae1 Nh5 18. Be2 Ng7 19. Bf3 f6 20. Be3 Red8 21. Rd1 Ne8 22. Bxc5 dxc5 23. Qxd8 Rxd8 24. Rxd8 Kf7 25. Rfd1 Bc6 26. h3 b4 27. axb4 cxb4 28. Nd5 a5 29. Bg4 f5 30. exf5 gxf5 31. Bh5+ Kg7 32. Bxe8 1-0

[Event "Wiesbaden op 25th"]
[Site "Wiesbaden"]
[Date "2013.08.24"]
[Round "4"]
[White "Beck, Andreas"]
[Black "Muuss, Klaus"]
[Result "0-1"]
[WhiteElo "1884"]
[BlackElo "2009"]
[PlyCount "78"]
[EventDate "2013.08.22"]
[EventType "swiss"]
[EventRounds "7"]
[EventCountry "GER"]
[SourceTitle "EXT 2014"]
[Source "ChessBase"]
[SourceDate "2013.11.20"]
[SourceVersion "1"]
[SourceVersionDate "2013.11.20"]
[SourceQuality "1"]

1. e4 c5 2. Nc3 Nc6 3. f4 g6 4. Nf3 Bg7 5. Bb5 Nd4 6. 0-0 a6 7. Bc4 e6 8. a4 Ne7 9. d3 0-0 10. Ba2 b5 11. Kh1 Rb8 12. axb5 axb5 13. Nxd4 Bxd4 14. Ne2 Bg7 15. d4 cxd4 16. Nxd4 Nc6 17. Be3 Nxd4 18. Bxd4 Bxd4 19. Qxd4 Qb6 20. Rad1 Qxd4 21. Rxd4 Bb7 22. e5 Bc6 23. Kg1 Kg7 24. c3 Ra8 25. Bb3 Ra7 26. Rfd1 Rfa8 27. Kf2 Ra1 28. g3 h5 29. Rxa1 Rxa1 30. Rd2 Kf8 31. Ke3 Ke7 32. Bc2 Rh1 33. Bb3 Rg1 34. c4 h4 35. gxh4 Rg4 36. h5 gxh5 37. c5 Rg1 38. Rf2 h4 39. Kd4 f5 0-1

[Event "Wiesbaden op 25th"]
[Site "Wiesbaden"]
[Date "2013.08.24"]
[Round "5"]
[White "Muuss, Klaus"]
[Black "Frey, Thomas"]
[Result "1/2-1/2"]
[WhiteElo "2009"]
[BlackElo "2141"]
[PlyCount "101"]
[EventDate "2013.08.22"]
[EventType "swiss"]
[EventRounds "7"]
[EventCountry "GER"]
[SourceTitle "EXT 2014"]
[Source "ChessBase"]
[SourceDate "2013.11.20"]
[SourceVersion "1"]
[SourceVersionDate "2013.11.20"]
[SourceQuality "1"]

1. e4 e6 2. d4 d5 3. Nc3 Nf6 4. Bg5 Bb4 5. e5 h6 6. Bd2 Bxc3 7. bxc3 Ne4 8. Bd3 Nxd2 9. Qxd2 c5 10. f4 Nc6 11. Nf3 Qb6 12. Be2 Qa5 13. 0-0 cxd4 14. Nxd4 Nxd4 15. Qxd4 b6 16. Qb4 Qc5+ 17. Qxc5 bxc5 18. Bb5+ Bd7 19. Rab1 Rb8 20. c4 Bxb5 21. Rxb5 Rxb5 22. cxb5 Kd7 23. Kf2 f6 24. Ke3 Rf8 25. f5 exf5 26. Rxf5 Re8 27. Kf4 g5+ 28. Kf3 fxe5 29. Rf7+ Re7 30. Rf6 c4 31. Ra6 Kd8 32. Rxh6 e4+ 33. Ke2 d4 34. Rc6 d3+ 35. cxd3 exd3+ 36. Kd1 Rc7 37. Rd6+ Ke7 38. Rd5 Kf6 39. a4 g4 40. a5 Ke6 41. b6 axb6 42. axb6 Rc6 43. b7 Rb6 44. Rc5 Rxb7 45. Rxc4 Rb1+ 46. Kd2 Rb2+ 47. Kxd3 Rxg2 48. Rc6+ Kf5 49. Rh6 Kf4 50. Rh8 Ra2 51. Rf8+ 1/2-1/2

[Event "Wiesbaden op 25th"]
[Site "Wiesbaden"]
[Date "2013.08.23"]
[Round "3"]
[White "Muuss, Klaus"]
[Black "Anhalt, Albert"]
[Result "1/2-1/2"]
[WhiteElo "2009"]
[BlackElo "1776"]
[PlyCount "139"]
[EventDate "2013.08.22"]
[EventType "swiss"]
[EventRounds "7"]
[EventCountry "GER"]
[SourceTitle "EXT 2014"]
[Source "ChessBase"]
[SourceDate "2013.11.20"]
[SourceVersion "1"]
[SourceVersionDate "2013.11.20"]
[SourceQuality "1"]

1. e4 e5 2. Nf3 Nc6 3. Bb5 a6 4. Ba4 Be7 5. 0-0 b5 6. Bb3 Nf6 7. Re1 d6 8. h3 Na5 9. c3 c5 10. d4 c4 11. Bc2 Qc7 12. d5 Nb7 13. Nbd2 Bd7 14. Nf1 Nc5 15. Ng3 0-0 16. Nf5 Bxf5 17. exf5 Qb7 18. Bg5 Rfe8 19. Bxf6 Bxf6 20. Nh2 e4 21. Ng4 Bg5 22. g3 Nd3 23. Bxd3 exd3 24. h4 Rxe1+ 25. Qxe1 Bf6 26. Ne3 Re8 27. Qd2 Bd8 28. Re1 Kf8 29. b3 Bb6 30. f6 gxf6 31. Nf5 Rxe1+ 32. Qxe1 Qd7 33. g4 Qe8 34. Qxe8+ Kxe8 35. Nxd6+ Kd7 36. Ne4 Bd8 37. bxc4 bxc4 38. Kf1 f5 39. Nd2 Kd6 40. Nxc4+ Kxd5 41. Ne3+ Ke4 42. Nxf5 Kf3 43. Ke1 Kxg4 44. Nh6+ Kf3 45. h5 f6 46. Kd2 Kxf2 47. Kxd3 Kf3 48. c4 Kf4 49. c5 Bc7 50. Ng8 Ke5 51. Kc4 f5 52. Ne7 f4 53. Nd5 f3 54. Ne3 Ke4 55. Nf1 f2 56. Kc3 Ba5+ 57. Kc2 Kd5 58. Kd3 Kxc5 59. Ke2 Be1 60. Ng3 Kb4 61. Ne4 Ka3 62. Ng5 Kxa2 63. Nxh7 Kb2 64. Nf6 Bc3 65. Ne4 f1Q+ 66. Kxf1 Bg7 67. Ke2 a5 68. Nc5 Kc3 69. Kd1 Bh6 70. Na4+ 1/2-1/2

[Event "Dresden ZMDI Blitz"]
[Site "Dresden"]
[Date "2011.08.14"]
[Round "9"]
[White "Muuss, Klaus"]
[Black "Schwarz, Hans"]
[Result "1-0"]
[WhiteElo "2013"]
[BlackElo "1904"]
[PlyCount "75"]
[EventDate "2011.08.06"]
[EventType "swiss (blitz)"]
[EventRounds "9"]
[EventCountry "GER"]
[SourceTitle "EXT 2022"]
[Source "ChessBase"]
[SourceDate "2021.10.06"]
[SourceVersion "1"]
[SourceVersionDate "2021.10.06"]
[SourceQuality "1"]

1. e4 e5 2. Nf3 Nc6 3. d4 exd4 4. Bc4 Nf6 5. 0-0 Bc5 6. e5 d5 7. exf6 dxc4 8. Re1+ Be6 9. fxg7 Rg8 10. Bg5 Qd5 11. Nc3 Qf5 12. Ne4 Rxg7 13. Nh4 Qxg5 14. Nxg5 Rxg5 15. Nf3 Rd5 16. b3 c3 17. a3 0-0-0 18. b4 Bf8 19. Rxe6 fxe6 20. Qd3 Ne5 21. Nxe5 Rxe5 22. Kf1 Rh5 23. h3 Bg7 24. Re1 e5 25. a4 Rf8 26. a5 Rhf5 27. f3 a6 28. b5 axb5 29. Qxb5 e4 30. Qa4 e3 31. a6 b6 32. Qc6 Rg5 33. Qa8+ Kd7 34. Qe4 Bf6 35. Qxh7+ Kd6 36. Qd3 Ke6 37. Qc4+ Kd6 38. Qb4+ 1-0

[Event "Dresden ZMD op"]
[Site "Dresden"]
[Date "2010.07.15"]
[Round "6"]
[White "Richter, Sergio"]
[Black "Muuss, Klaus"]
[Result "0-1"]
[WhiteElo "2252"]
[BlackElo "2019"]
[PlyCount "46"]
[EventDate "2010.07.10"]
[EventType "swiss"]
[EventRounds "9"]
[EventCountry "GER"]
[SourceTitle "CBM 137 Extra"]
[Source "ChessBase"]
[SourceDate "2010.09.01"]
[SourceVersion "1"]
[SourceVersionDate "2010.09.01"]
[SourceQuality "1"]

1. e4 c5 2. Nf3 Nc6 3. d4 cxd4 4. Nxd4 Nf6 5. Nc3 g6 6. Be3 Bg7 7. f3 0-0 8. Qd2 d5 9. exd5 Nxd5 10. Nxd5 Qxd5 11. Nxc6 Qxc6 12. 0-0-0 Bf5 13. c3 Qa4 14. b3 Qa3+ 15. Qb2 Qa5 16. Bd4 Bh6+ 17. Rd2 e5 18. Bf2 Rad8 19. Be1 Rd6 20. g4 Rfd8 21. gxf5 Rxd2 22. Bxd2 Rxd2 23. Qxd2 Qxc3+ 0-1

[Event "Dresden ZMD op"]
[Site "Dresden"]
[Date "2009.08.02"]
[Round "9"]
[White "Leimeister, Winfried"]
[Black "Muuss, Klaus"]
[Result "1/2-1/2"]
[WhiteElo "1917"]
[BlackElo "2046"]
[PlyCount "127"]
[EventDate "2009.07.25"]
[EventType "swiss"]
[EventRounds "9"]
[EventCountry "GER"]
[SourceTitle "CBM 131 Extra"]
[Source "ChessBase"]
[SourceDate "2009.09.03"]
[SourceVersion "2"]
[SourceVersionDate "2009.09.16"]
[SourceQuality "1"]

1. Nf3 Nf6 2. d3 d5 3. Nbd2 c5 4. e4 Nc6 5. g3 dxe4 6. dxe4 Bg4 7. h3 Bh5 8. g4 Bg6 9. Bd3 e6 10. Qe2 Nb4 11. Bb5+ Nc6 12. Ne5 Qc7 13. Nxc6 bxc6 14. Bd3 Be7 15. Nc4 Nd7 16. f4 f6 17. Bd2 e5 18. f5 Bf7 19. h4 h6 20. 0-0-0 Rb8 21. b3 Nb6 22. g5 Qb7 23. g6 Bg8 24. Bc3 Rd8 25. Na5 Qc7 26. Ba6 Rd4 27. Nxc6 Bd6 28. Nxd4 cxd4 29. Qb5+ Ke7 30. Bb4 Nd7 31. Ba5 Ba3+ 32. Kb1 Qd6 33. Qb7 Qb8 34. Qxb8 Nxb8 35. Bb5 Kd6 36. c3 Kc5 37. Ba4 dxc3 38. Bxc3 Na6 39. Rd8 Bxb3 40. Rxh8 Bxa4 41. Rc8+ Kb6 42. Bb2 Bc5 43. Rg8 Nb4 44. Rxg7 Bc2+ 45. Ka1 Bxe4 46. Rc1 Bd5 47. Rxc5 Kxc5 48. Ba3 a5 49. Bxb4+ axb4 50. Rf7 e4 51. Rxf6 e3 52. Rf8 Kd4 53. Re8 Be4 54. Rd8+ Ke5 55. Rd1 Bxf5 56. g7 Be6 57. Rg1 Bg8 58. Kb2 Ke4 59. Rf1 e2 60. Rf8 Kd3 61. Rd8+ Kc4 62. Re8 Kd3 63. Rd8+ Kc4 64. Re8 1/2-1/2

[Event "Dresden ZMD op"]
[Site "Dresden"]
[Date "2009.07.31"]
[Round "7"]
[White "Schatz, Christian"]
[Black "Muuss, Klaus"]
[Result "1-0"]
[WhiteElo "2179"]
[BlackElo "2046"]
[PlyCount "57"]
[EventDate "2009.07.25"]
[EventType "swiss"]
[EventRounds "9"]
[EventCountry "GER"]
[SourceTitle "CBM 131 Extra"]
[Source "ChessBase"]
[SourceDate "2009.09.03"]
[SourceVersion "2"]
[SourceVersionDate "2009.09.16"]
[SourceQuality "1"]

1. Nf3 Nf6 2. c4 g6 3. Nc3 Bg7 4. g3 b6 5. Bg2 Bb7 6. 0-0 0-0 7. Re1 d6 8. e4 c5 9. d4 Nbd7 10. d5 Ne5 11. Qe2 Bc8 12. h3 Nxf3+ 13. Qxf3 Rb8 14. Qe2 a6 15. a4 Bd7 16. f4 e5 17. dxe6 Bxe6 18. Be3 h5 19. Rad1 Qc8 20. Kh2 Rd8 21. Rd2 Qc7 22. Red1 Rd7 23. Qd3 Rdd8 24. f5 gxf5 25. exf5 Bc8 26. Bf4 Bf8 27. Bg5 Be7 28. Bxf6 Bxf6 29. Nd5 1-0

[Event "Dresden ZMD op"]
[Site "Dresden"]
[Date "2009.07.30"]
[Round "6"]
[White "Muuss, Klaus"]
[Black "Grosse, Marcus"]
[Result "1-0"]
[WhiteElo "2046"]
[BlackElo "1925"]
[PlyCount "117"]
[EventDate "2009.07.25"]
[EventType "swiss"]
[EventRounds "9"]
[EventCountry "GER"]
[SourceTitle "CBM 131 Extra"]
[Source "ChessBase"]
[SourceDate "2009.09.03"]
[SourceVersion "2"]
[SourceVersionDate "2009.09.16"]
[SourceQuality "1"]

1. e4 c5 2. Nf3 Nc6 3. d4 cxd4 4. Nxd4 g6 5. Be3 Bg7 6. Nc3 Nf6 7. Be2 0-0 8. 0-0 d5 9. Nxc6 bxc6 10. exd5 Nxd5 11. Nxd5 cxd5 12. c3 Rb8 13. Qd2 Qc7 14. Rac1 e5 15. b4 Be6 16. a3 f5 17. f4 g5 18. Bc5 gxf4 19. Bxf8 Rxf8 20. Bd1 Bh6 21. Bb3 Rd8 22. Rf3 e4 23. Rh3 Bg7 24. Qe2 Bf7 25. Qe1 Rd6 26. Qd2 Be5 27. Qe1 Rg6 28. Rd1 f3 29. g3 Qb6+ 30. Kh1 e3 31. Bxd5 Bxd5 32. Rxd5 Qc6 33. c4 f2 34. Qe2 Rd6 35. b5 Rxd5 36. bxc6 Rd2 37. Qf1 e2 38. Qxf2 Rd1+ 39. Kg2 e1Q 40. Qxe1 Rxe1 41. Rh5 Bc7 42. Rxf5 Re6 43. Rc5 Re5 44. Rb5 Rxb5 45. cxb5 Kf7 46. Kf3 Ke6 47. Ke4 Bb6 48. a4 Kd6 49. g4 Kc5 50. h4 Kd6 51. g5 Ke6 52. h5 Bc7 53. g6 hxg6 54. hxg6 Bb6 55. g7 Kf7 56. Kf5 Bc7 57. g8Q+ Kxg8 58. Ke6 Ba5 59. Kd7 1-0

[Event "Dresden ZMD op"]
[Site "Dresden"]
[Date "2008.07.26"]
[Round "8"]
[White "Muuss, Klaus"]
[Black "Siedentopf, Daniel"]
[Result "0-1"]
[WhiteElo "2038"]
[BlackElo "2219"]
[PlyCount "58"]
[EventDate "2008.07.19"]
[EventType "swiss"]
[EventRounds "9"]
[EventCountry "GER"]
[SourceTitle "CBM 125 Extra"]
[Source "ChessBase"]
[SourceDate "2008.09.01"]
[SourceVersion "1"]
[SourceVersionDate "2008.09.01"]
[SourceQuality "1"]

1. e4 e6 2. d4 d5 3. Nc3 Bb4 4. e5 c5 5. a3 Bxc3+ 6. bxc3 Ne7 7. Nf3 Nbc6 8. Bb5 Qa5 9. Bxc6+ bxc6 10. Bd2 Ba6 11. Ng5 0-0 12. f4 Rab8 13. Kf2 Qa4 14. Nf3 Rb2 15. Rc1 Rfb8 16. dxc5 Qxa3 17. Ra1 Qxc5+ 18. Be3 Qc4 19. Nd2 Qxc3 20. Re1 d4 21. Rxa6 Rxc2 22. Kg1 dxe3 23. Nf3 Nd5 24. Rxa7 Nxf4 25. Qd7 Rf8 26. Raa1 Rxg2+ 27. Kh1 e2 28. Ng1 Rxg1+ 29. Kxg1 Qe3+ 0-1